000 00825nam a22002777a 4500
001 BR9404414
003 BR-BrBNA
005 20230928094238.0
007 ta
008 230509b bl.||||| |||| 00| 0 por d
040 _aBR-BrBNA
_bpor
_cBiblioteca Nacional de Agricultura
041 _a(Por)
072 _aF30
_b0336
090 _ 0336 BR9404414
100 1 _aBordin, A.P.A.
110 1 _aCentro Nacional de Pesquisa de Soja, Londrina, PR (Brasil)
_91793
245 1 _aEstudo sobre identificacao de cultivares de soja (Glycine max Var. Merrill)
260 3 _aLondrina, PR (Brasil):
_c1984.
300 _a54 p.
500 _aBibliography p. 45-54 (103 ref.); 14 illus.
650 _aSoja
650 _aVariedade
650 _aCaracteristicas Agronomicas
909 _a202309
_bLucia
_c55
_dLucia Elande
942 _cBK
999 _c49626
_d49626